| 000 | 00451ntaaa2200181 4500 | ||
|---|---|---|---|
| 003 | 01 | ||
| 005 | 20251027201926.0 | ||
| 008 | 0714s1973 ag 01 | ||
| 040 |
_aAR-BaBN _bspa _cAR-BaBN _eaacr _dRIC |
||
| 082 | _a244.4140 B94d | ||
| 100 |
_aBurrell, David de Forrest _917784 |
||
| 245 | _aDádiva de la Primera Pascua | ||
| 250 |
_a2 ed. : _bEl Lucero, _cn.f. |
||
| 300 | _a25 p. | ||
| 500 | _aun cuento de Belén | ||
| 650 | _aNavidad | ||
| 942 | _cBK | ||
| 999 |
_c13970 _d13970 |
||